000
00314pam a2200133 a 4500
020
_c
041
_h
082
_a
741.24
_b
TAV
100
_a
Mia- Tarontti .
245
_a
Pets- Learn to Draw Step by Step
_h
Textual Documents
260
_a
[s.l]:
_b
walter Foster,
_c
2005.
300
_a
30:
_b
paper.
930
_a
7193
999
_c
240983
_d
240983